zpět

Detail výsledku týmu

Kulturní dům, Zašová

Datum a čas kvízu

19.5 Celkem bodů Celkový počet nahraných bodů na tomto kvízu bez doplňovacích otázek.
4. Pořadí na kvízu Konečné umístění týmu na tomto kvízu.

Zaznamenané odpovědi

# Otázka Odpověď Body Výsledky
1. Ministryně obrany v demisi Kar... 0
2. Prostořeký prezident USA Donal... 0
3. Ve středu 17. ledna byly oznám... 0
4. Britové na sociálních sítích k... 1
5. Její start poutal hodně pozorn... 1
6. Abychom se mohli ohřát u ohně,... 1
7. Firework, tedy Ohňostroj, je h... 0
8. Olympijský oheň je jedním ze z... 0
5. Napište název jevu související... 0
5. Ohníček byl časopis pro děti a... 0